Личности и събития, които не се забравят (Запис номер 517024)
[ съкратено ]
| 000 -Лидер | |
|---|---|
| Лидер | 01249aam a2200289 a 4500 |
| 003 - Код на организацията, давaща контролен номер | |
| Код на организацията, даваща контролен номер | BLK |
| 005 - Дата и час на последна редакция | |
| Дата и час на последна редакция | 20240916140708.0 |
| 008 - Елементи от данни с фиксирана дължина | |
| Елементи с фиксирана дължина | 181010b bu ||||| |||| 00| 0 bu d |
| 020 ## - Международен стандартен номер на книга ISBN | |
| ISBN | 9789540918129 |
| 020 ## - Международен стандартен номер на книга ISBN | |
| ISBN | 978-954-09-1812-9 |
| 040 ## - Източник на каталожния запис | |
| Код на библиотеката | BLK |
| 041 ## - Код за език | |
| Език | Български |
| Език за КДБФ | Български |
| 080 ## - УДК | |
| УДК текст | Биографии |
| УДК код | 929 |
| УДК – код + определител | 929(100) |
| 080 ## - УДК | |
| УДК текст | Българска литература |
| УДК код | 821.163.2 |
| УДК – код + определител | 821.163.2-92 |
| 084 ## - Класификационен индекс по друга класификация | |
| Авторски знак | Михаи - М 74 |
| 100 ## - Редна дума - Автор | |
| Автор | Михайлов, Боян |
| R(LIN) | 1299 |
| 245 ## - Сведения за заглавието | |
| Заглавие | Личности и събития, които не се забравят |
| Авторска отговорност | Боян Михайлов. |
| 260 ## - Област на издателските данни | |
| Място на издаване | София |
| Име на издателя | Захарий Стоянов |
| Година на издаване | 2024 |
| 9 (RLIN) | 209473 |
| Издателство - префикс ISBN | 978-954-739- ; 978-954-09- ; 954-9559- |
| Печатница | [София] : Миг принт |
| 300 ## - Физическа характеристика | |
| Брой страници | 208 с. |
| Илюстрации | с цв. ил., портр. |
| Размер | 21 см |
| 380 ## - Жанр | |
| Жанр | История |
| 500 ## - Общи забележки | |
| Обща забележка | Пълната форма на името на авт. Боян Михайлов е Боян Михайлов Йорданов. - Биографична справка: с. 5-6 |
| 650 #7 - Допълнително описание по предмет – тема | |
| 9 (RLIN) | 168244 |
| Предметна рубрика | Прочути личности |
| 852 ## - Местоположение | |
| Сигнатура (форматна) | Цб 324397 |
| Отдел | Хранилище |
| 942 ## - АРТИКУЛИ | |
| Вид на библиотечния документ | Книги |
| Източник на класификационната схема | Universal Decimal Classification |
| Скрит в OPAC | Не |
| Периодичен библиозапис | Да |
| 944 ## - СЪЗДАВАНЕ И РЕДАКЦИЯ на ЗАПИСА | |
| Създаване/Редакция | |
| Дата на регистрацията/редакция | Севдалина Тодорова |
| Служител, извършил регистрацията/редакцията | 30540 |
| Номер на служител | Севдалина Тодорова |
| 999 ## - СИСТЕМНИ КОНТРОЛНИ НОМЕРА | |
| Koha biblionumber | 517024 |
| Koha biblioitemnumber | 517024 |
| Код за отписване | Код за изгубен артикул | Източник на класификационната схема | Код за повреда | Коз за рестрикции | Код за отдаване | Артикулен № | Име на библиотеката - собственик | Име на библиотеката, в която се намира в момента | Статус (Текущо местоположение) | Дата на вписване в системата | Местоположение - отдел | Цена в лева | Инвентарен номер | Систематично азбучна сигнатура | Баркод | Цена в евро | Служебен тип на артикула |
|---|---|---|---|---|---|---|---|---|---|---|---|---|---|---|---|---|---|
| Не е изгубен | Universal Decimal Classification | Не е повреден | само за читалня | ползва се в читалня | 949095 | Регионална библиотека "Любен Каравелов" Русе | Регионална библиотека "Любен Каравелов" Русе | Хранилище | 2024-09-17 | Хранилище | 14.00 | 120000912461 | Цб 324397 | 120000912461 | 7.16 | Книги |